| 000 | 02419nam a2200301 u 4500 | ||
|---|---|---|---|
| 001 | 000002921 | ||
| 003 | DO-SdBNP | ||
| 005 | 20250618114810.0 | ||
| 007 | ta | ||
| 008 | 090706s1990 dr ac r 000 0 spa d | ||
| 040 |
_aDO-SdBNP _bspa _cBNPHU |
||
| 082 | 4 |
_a336.7293 _bV422t _222 |
|
| 100 | 1 |
_aVega, Bernardo, _d1938 - _93222 |
|
| 245 | 1 | 0 |
_aTrujillo y el control financiero norteamericano / _cBernardo Vega. |
| 260 |
_aSanto Domingo : _bFundación Cultural Dominicana, _c1990. |
||
| 300 |
_a652 p. : _bil., retrs. ; _c27 cm. |
||
| 500 | _aIncluye notas a pie de las páginas | ||
| 504 | _aBibliografía : p. 635 | ||
| 505 | 2 | _aLa actuación de Trujillo con relación a la deuda externa en 1930 -- La actuación de Trujillo con relación a la deuda en 1931 -- La actuación de Trujillo con relación a la deuda externa en 1932 -- La actuación de Trujillo con relación a la deuda externa en 1933 -- La actuación de Trujillo con relación a la deuda externa en 1934 -- La actuación de Trujillo con relación a la deuda externa en 1935 -- La actuación de Trujillo con relación a la deuda externa en 1936 -- La actuación de Trujillo con relación a la deuda externa en 1937 -- La actuación de Trujillo con relación a la deuda externa en 1938 -- La actuación de Trujillo con relación a la deuda externa en 1939 -- La actuación de Trujillo con relación a la deuda externa en 1940 -- La actuación de Trujillo con relación a la deuda externa en 1941 -- La actuación de Trujillo con relación a la deuda externa en 1942 -- La actuación de Trujillo con relación a la deuda externa en 1943 -- La actuación de Trujillo con relación a la deuda externa en 1944 -- La actuación de Trujillo con relación a la deuda externa en 1945 -- La actuación de Trujillo con relación a la deuda externa en 1946 -- La actuación de Trujillo con relación a la deuda externa en 1947 -- Los años del regimen de trujillo sin deuda externa (1948-1961). | |
| 590 | _aInventariado, 2018/LP | ||
| 600 | 1 | 0 |
_aTrujillo Molina, Rafael Leónidas, _d 1891-1961 _976764 |
| 650 | 4 |
_aDeuda externa _zRepública Dominicana _91783 |
|
| 651 | 4 |
_aRepública Dominicana _xRelaciones exteriores _zEstados Unidos _96308 |
|
| 651 | 4 |
_aEstados Unidos _xRelaciones exteriores _zRepública Dominicana _96309 |
|
| 651 | 4 |
_aRepública Dominicana _xCondiciones económicas _9281 |
|
| 910 | _aValidado. Control de calidad. MMOLINA | ||
| 942 |
_2ddc _cLBS1 |
||
| 999 |
_c2754 _d2754 |
||